|
|
|
แสดงรายละเอียดบรรณานุกรม |
|
|
Brief Record
: Get Marc (ISO 2709)
: E-mail record
: |
| LEADER : 00000nam 2200000uu 4500 | |||
| 001 13399129202 | |||
| 003 ULIB | |||
| 008 020711s2568 th a 000 0 tha d | |||
| 020 ^a9786166232233 | |||
| 060 ^aWY32^bส361ท | |||
| 100 ^aสฤษดิ์ ธัญกิจจานุกิจ | |||
| 245 ^aเทคนิควิเคราะห์คำถามกฎหมายที่เกี่ยวข้องกับการประกอบวิชาชีพการพยาบาลและการผดุงครรภ์ | |||
| 250 ^aพิมพ์ครั้งที่ 1 | |||
| 260 ^aกรุงเทพฯ :^bศูนย์หนังสือจุฬาลงกรณ์มหาวิทยาลัย,^c2568 | |||
| 300 ^a183 หน้า;^b19 ซม. | |||
| 650 ^aกฎหมาย^xพยาบาล | |||
| 999 ^aประนอม เกษจรัล | |||
| คุณยังไม่ได้ล็อกอิน คุณสามารถมีกิจกรรมร่วมกับเว็บไซต์ได้ แต่ต้องล็อกอินก่อน :: |
|
รายการสื่อสารสนเทศ |
| สถานะ | |||||
| 1. | หนังสือสำรอง สถานะ=หนังสือสำรอง | WY32 ส361ท ฉ.1 Barcode: 012143 | ►หนังสือทั่วไป | บนชั้น | |
| 2. | Book การพยาบาล | WY32 ส361ท ฉ.2 Barcode: 012144 | ►หนังสือทั่วไป | บนชั้น | |
| 3. | Book การพยาบาล | WY32 ส361ท ฉ.3 Barcode: 012145 | ►หนังสือทั่วไป | บนชั้น | |
| 4. | Book การพยาบาล | WY32 ส361ท ฉ.4 Barcode: 012146 | ►หนังสือทั่วไป | บนชั้น | |
| 5. | Book การพยาบาล | WY32 ส361ท ฉ.5 Barcode: 012147 | ►หนังสือทั่วไป | บนชั้น | |
BibComment |
| คอมเมนท์ทรัพยากรรายการนี้ |
|
| |
Copyright 2026. Bcnsprnw @Library |
|